00711 2200241 4500001002100000005001700021008004100038035002400079090001700103100002300120245012800143250001200271260003200283300002100315500002700336650002000363700001800383700001800401850001600419980001300435985000600448999001500454YOGYA-0209000001081120090227022055.0 ind  0010-020900000010811 a321.8bSim A aSIMORANGKIR, J.C.T aAku warga negara Indonesiabbuku pelajaran Pendidikan Moral Pancasila PMPcJ.C.T. Simorangkir, C.S.T. Kansil, Rudy T. Erwin aCet. 11 aJakartabGunung Agungc1980 a... jilidc21 cm aYang diterima : jil. 1 aKewarganegaraan aKansil, C.S.T aErwin, Rudy T aYOPDYOGN(B) a05-07-26 a1 aP000022733